La naissance du purgatoire

Uloženo v:
Podrobná bibliografie
Hlavní autor: Le Goff, Jacques (Autor)
Médium: Kniha
Jazyk:francouzština
Vydáno: París Gallimard 1981
Edice:Bibliotheque des histoires
Témata:
Tagy: Přidat tag
Žádné tagy, Buďte první, kdo vytvoří štítek k tomuto záznamu!

MARC

LEADER 00000nam a2200000 a 4500
001 UCP1878
003 CL-VaPUC
008 990426e19810000FR |||||||||||||||||fre|d
082 0 4 |a 236.5  |b LEG  |2 21 
100 |a Le Goff, Jacques  |e author  |9 322549 
245 1 3 |a La naissance du purgatoire 
300 |a 509 p 
942 |c BK 
945 |d 19990426 00:00:00  |a lriquelm 
260 |a París  |b Gallimard  |c 1981 
650 0 |a Escatología  |9 314395 
650 7 |a PURGATORIO  |2 CL-VaPUC  |9 346278 
583 |a last modification  |c 19990426 00:00:00  |k Rodrigo Vera 
490 0 |a Bibliotheque des histoires 
999 |c 280509  |d 280507 
952 |0 0  |1 0  |4 0  |6 236_500000000000000_LEG_1981  |7 0  |8 A  |9 320843  |a BIBHIS  |b BIBHIS  |d 2019-11-20  |i 1338900  |o 236.5 LEG 1981  |p 1338900  |r 2025-01-20  |w 2019-11-20  |y BK  |k HIS